Ekonomické aspekty jadrovej energetiky na Slovensku v kontexte Európskej únie diplomová práca

Gespeichert in:
Bibliographische Detailangaben
1. Verfasser: Uhrín, Vladimír
Körperschaft: Národohospodárska fakulta EU. Katedra financií
Weitere Verfasser: Beňová, Elena
Format: Buch
Sprache:Slowakisch
Veröffentlicht: Bratislava 2008
Tags: Tag hinzufügen
Keine Tags, Fügen Sie das erste Tag hinzu!

MARC

LEADER 00000nam$a2200000$$$4500
001 0078807
005 20240201115037.6
041 0 |a slo 
044 |a SK 
245 1 0 |a Ekonomické aspekty jadrovej energetiky na Slovensku v kontexte Európskej únie  |b diplomová práca  |c Vladimír Uhrín ; škol. Elena Beňová 
264 1 |a Bratislava  |c 2008 
300 |a 69 s. 
100 1 |a Uhrín, Vladimír 
700 1 |a Beňová, Elena 
710 2 |a Národohospodárska fakulta EU. Katedra financií